Príprava a štúdium reakcie dialkoxypyridazinónov s organokovmi na báze horčíka : Obh. 25.5.1998 /

Na minha lista:
Detalhes bibliográficos
Autor principal: Bučková, Henrieta (Author)
Formato: Manuscrito Livro
Idioma:eslovaco
Publicado em: Bratislava : STU v Bratislave ChtF, 1998
Tags: Adicionar Tag
Sem tags, seja o primeiro a adicionar uma tag!

MARC

LEADER 00000ntm a22000003a 4500
001 stu33702
005 20150617225733.2
008 980909s1998----xo------------------slo-d
040 |a STU  |b slo 
041 0 |a slo 
044 |a xo 
100 1 |a Bučková, Henrieta  |4 aut 
245 1 |a Príprava a štúdium reakcie dialkoxypyridazinónov s organokovmi na báze horčíka :  |b Obh. 25.5.1998 /  |c [aut.]Bučková,Henrieta 
260 |a Bratislava :  |b STU v Bratislave ChtF,  |c 1998 
300 |a 44 s :  |b Tab.,lit 
500 |a Zameranie: Chémia 
996 |b CD12456  |c C*D12456  |l CCI  |s A  |a 24  |w stu33702_0001